00694cam a2200205u 450000100060000000300080000600500170001400800390003103500190007004000330008904100080012208200300013010000310016011000620019124500760025326000560032930000390038550400200042465000440044416226BD-RjUL20211208235959.0140213m19721965ii k 001 0 eng a(BD-RjUL)16281 aDLCcCarPdDLCdBD-RjULbeng aeng04223a346.0488054bIYT 19721 aIyengar, T. R. Srinivasa ,1 aIndia (Republic)kLaws, statutes, etc. [from old catalog]14aThe Trade and merchandise marks act, 1958 /c, T. R. Srinivasa Iyengar. aAllahabad :bLaw Book Co.,c1965 [Supplement 1972]. axxviii, 663 p. :bforms. ;c25 cm. aIncludes index. 0aTrademarksvLaw and legislationzIndia.